Инструментальное обеспечение сверления глубоких и точных отверстий малых диаметров

Bibliografiske detaljer
Hovedforfatter: Кирсанов С. В. Сергей Васильевич
Andre forfattere: Гречишников В. А. Владимир Андреевич, Бабаев А. С. Артём Сергеевич
Summary:Рассмотрены современные конструкции ружейных сверл с твердосплавными стеблями, применяемые для сверления глубоких и точных отверстий малых диаметров. Даны рекомендации по их проектированию, изготовле­нию и эксплуатации. Приведены сведения о технологических возможностях этих инструментов. Для технологов и конструкторов машиностроительных предприятий, а также студентов втузов.
Sprog:russisk
Udgivet: Москва, Инновационное машиностроение, 2016
Fag:
Format: MixedMaterials Bog
KOHA link:https://koha.lib.tpu.ru/cgi-bin/koha/opac-detail.pl?biblionumber=317920

MARC

LEADER 00000nam0a2200000 4500
001 317920
005 20231102003026.0
010 |a 9785990763814 
035 |a (RuTPU)RU\TPU\book\343388 
090 |a 317920 
100 |a 20160415d2016 km y0rusy50 ca 
101 0 |a rus 
102 |a RU 
105 |a a z 001zy 
200 1 |a Инструментальное обеспечение сверления глубоких и точных отверстий малых диаметров  |f С. В. Кирсанов, В. А. Гречишников, А. С. Бабаев 
210 |a Москва  |c Инновационное машиностроение  |d 2016 
215 |a 187 с.  |c ил. 
320 |a Библиогр.: с. 128-134 
320 |a Библиография в приложениях 
330 |a Рассмотрены современные конструкции ружейных сверл с твердосплавными стеблями, применяемые для сверления глубоких и точных отверстий малых диаметров. Даны рекомендации по их проектированию, изготовле­нию и эксплуатации. Приведены сведения о технологических возможностях этих инструментов. Для технологов и конструкторов машиностроительных предприятий, а также студентов втузов. 
606 1 |a Сверла ружейные  |2 stltpush  |3 (RuTPU)RU\TPU\subj\75391  |9 87204 
610 1 |a изготовление 
610 1 |a эксплуатация 
610 1 |a износостойкость 
610 1 |a проектирование 
610 1 |a твердосплавные стебли 
610 1 |a производственные испытания 
610 1 |a отверстия малых диаметров 
610 1 |a глубокие отверстия 
610 1 |a точные отверстия 
610 1 |a сверление 
610 1 |a инструментальное обеспечение 
610 1 |a труды учёных ТПУ 
675 |a 621.951.4  |v 4 
700 1 |a Кирсанов  |b С. В.  |c специалист в области машиностроения  |c профессор Томского политехнического университета, доктор технических наук  |f 1949-  |g Сергей Васильевич  |2 stltpush  |3 (RuTPU)RU\TPU\pers\27879 
701 1 |a Гречишников  |b В. А.  |g Владимир Андреевич 
701 1 |a Бабаев  |b А. С.  |c специалист в области машиностроения  |c асисстент кафедры Томского политехнического университета  |f 1989-  |g Артём Сергеевич  |2 stltpush  |3 (RuTPU)RU\TPU\pers\30607 
801 1 |a RU  |b 63413507  |c 20160415 
801 2 |a RU  |b 63413507  |c 20220808  |g RCR 
900 |a Инструментальные системы машиностроительных производств 
942 |c BK 
959 |a 32/20160331  |d 5  |e 0  |f УФ:5